Indian natural rubber sector : An overview (Record no. 61065)

MARC details
000 -LEADER
fixed length control field 00490nam a2200133Ia 4500
100 ## - MAIN ENTRY--AUTHOR NAME
Personal name Desalphine S M
245 #0 - TITLE STATEMENT
Title Indian natural rubber sector : An overview
260 ## - PUBLICATION, DISTRIBUTION, ETC. (IMPRINT)
Name of publisher International Conference and Exhibition on Rubber and Allied Materials Asia Rub Tech Expo 2002. 28-30 November 2002, New Delhi. pp.1-2.
650 ## - SUBJECT ADDED ENTRY--TOPICAL TERM
Topical Term Rubber cultivation
650 ## - SUBJECT ADDED ENTRY--TOPICAL TERM
Topical Term Rubber plantation industry
650 ## - SUBJECT ADDED ENTRY--TOPICAL TERM
Topical Term Socio-economic development
942 ## - ADDED ENTRY ELEMENTS (KOHA)
Koha item type Journals
Holdings
Withdrawn status Lost status Damaged status Not for loan Home library Current library Shelving location Date acquired Koha item type
      Journals RRII Library RRII Library Agricultural economics 17/12/2021 Journals